Carbon sheet steel : specifying and purchasing handbook /

Bibliographic Details
Main Author: Blair, John S.
Corporate Author: General Electric Company
Format: Book
Language:English
Published: Fairfield, Conn. : General Electric Co., [1978]
Series:Profitable way ; 1.
Subjects:

MARC

Tag First Indicator Second Indicator Subfields
LEADER 00000cam a2200000 a 4500
001 in00000089940
005 20151008063559.0
008 800416s1978 ctua 00110 eng d
020 |a 0931690048 
035 |a (OCoLC)06212241 
035 |9 AAK2523AM 
040 |a VPI  |c VPI  |d OCL  |d m.c.  |d TXA  |d UtOrBLW 
049 |a TXAM  |c [1329209] 
090 |a TS360  |b .B619 
100 1 |a Blair, John S. 
245 1 0 |a Carbon sheet steel :  |b specifying and purchasing handbook /  |c prepared by John S. Blair. 
264 1 |a Fairfield, Conn. :  |b General Electric Co.,  |c [1978] 
264 4 |c ©1978 
300 |a xviii, 158 pages :  |b illustrations (some folded) ;  |c 28 cm. 
336 |a text  |b txt  |2 rdacontent 
337 |a unmediated  |b n  |2 rdamedia 
338 |a volume  |b nc  |2 rdacarrier 
490 1 |a The Profitable way ;  |v 1 
500 |a Includes index. 
650 0 |a Steel strip. 
650 0 |a Steel. 
710 2 |a General Electric Company. 
830 0 |a Profitable way ;  |v 1. 
999 |a MARS 
999 f f |s 38ded17a-d287-35aa-9f2e-b51ccf5af8e4  |i 45f2f380-af2a-36a8-b1b3-0ce0c97c33a4  |t 0 
952 f f |p ric  |a Texas A&M University  |b Rellis Campus  |c Joint Library Facility  |d Remote Storage  |t 0  |e TS360 .B619  |h Library of Congress classification  |i unmediated -- volume  |m A14806259002 
998 f f |a TS360 .B619  |t 0  |l Remote Storage